|
|
|
|
| LEADER |
00000nam a22000007a 4500 |
| 003 |
cru CIDCACS/IIS |
| 005 |
20230606154146.0 |
| 008 |
230606b ec |||p|r|||| 00| 0 spa d |
| 040 |
|
|
|c cru CIDCACS/IIS
|
| 090 |
|
|
|a REV0291
|
| 110 |
2 |
|
|9 8575
|a Agencia Latinoamericana de Información, ALAI
|
| 245 |
1 |
|
|a Servicio Especial:
|b Derechos Humanos /
|c Agencia Latinoamericana de Información
|
| 260 |
|
|
|a Quito, Ecuador:
|b ALAI
|
| 500 |
|
|
|a EXISTENCIAS: 1993 (1, 2, 5, 7) 1991 (jul., nov.)
|
| 650 |
|
0 |
|9 38
|a DERECHOS HUMANOS
|
| 650 |
|
0 |
|9 138
|a PAZ
|
| 650 |
|
4 |
|9 2646
|a RELACIONES INTERNACIONALES
|
| 650 |
|
0 |
|9 136
|a HISTORIA
|
| 651 |
|
0 |
|9 17
|a AMERICA LATINA
|
| 942 |
|
|
|2 ddc
|c PP
|
| 999 |
|
|
|c 45054
|d 45054
|